Participative administration and endogenous development

Αποθηκεύτηκε σε:
Λεπτομέρειες βιβλιογραφικής εγγραφής
Άλλοι συγγραφείς: Huynh, Cao Tri (Επιμελητής έκδοσης)
Μορφή: Βιβλίο
Γλώσσα:English
Δημοσίευση: Paris : IISA/UNESCO, 1988
Θέματα:
Ετικέτες: Προσθήκη ετικέτας
Δεν υπάρχουν, Καταχωρήστε ετικέτα πρώτοι!

MARC

LEADER 00000nam a2200000 i 4500
001 1/93770
008 940809s1988 eng d
020 |a 92-3-102408-6 
035 |l 10008955 
040 |a GR-MY-UA  |b gre  |e aacr 
041 0 |a eng 
082 0 |a 350 
245 1 0 |a Participative administration and endogenous development /  |c Edited by Huynh Cao Tri 
260 |a Paris :   |b IISA/UNESCO,   |c 1988 
300 |a 253 p. 
504 |a Includes bibliographical references 
650 0 0 |a Public administration  |x Citizen participation. 
650 0 0 |a Economic development  |x Social aspects. 
651 0 |a Developing countries  |x Politics and government. 
700 1 |a Huynh, Cao Tri.  |4 edt 
852 |a INST  |b LESVOS  |e 19940809  |h 350 PAR  |p 005100010706  |q 005100010706  |t BK  |y 0 
909 |a Λ  |b 035636 
922 |a 1ΕΛΗ  |b 199407  |c ΣΠΙΛΑΝΗΣ 
950 |a 155-1994-04-11